| 000 | 00769nam a22001577a 4500 | ||
|---|---|---|---|
| 003 | OSt | ||
| 005 | 20151002151744.0 | ||
| 008 | 151002b xxu||||| |||| 00| 0 eng d | ||
| 040 | _cRUA | ||
| 082 | _aAGR PHO 2012 B050 Or.1 | ||
| 100 |
_91786 _aPHON, SELA |
||
| 245 | _aInfluence of nitrogen rates and application intervals on mulato II yield and nitrogen loss through leaching, កម្រិត និងពេលវេលានៃការដាក់ជីអាសូតខុសៗគ្នាទៅលើទិន្នផលស្មៅម៉ូឡាតូធូ និងការបាត់បង់អាសូតតាមរយៈការជ្រាបចុះ | ||
| 260 |
_aPhnom Penh _bRUA _c2012 |
||
| 300 |
_avi; 43p. _bill. _c29cm. |
||
| 942 |
_2ddc _cAGR |
||
| 999 |
_c1687 _d1687 |
||